000 00644cam a22002053a 4500
001 28800
003 PGUSA
005 20140828083625.0
008 090501s2009||||xxu|||||s|||||000 | eng d
040 _aPGUSA
_beng
042 _adc
100 1 _aKant, Immanuel,
_d1724-1804
245 1 0 _aOn the Popular Judgment :
_bThat may be Right in Theory, : but does not Hold Good in the Praxis
_h[electronic resource] /
_cImmanuel Kant
260 _bProject Gutenberg,
_c2009
506 _aPublic domain in the USA.
516 _aElectronic text
830 0 _aProject Gutenberg
_v28800
856 4 0 _uhttp://www.gutenberg.org/ebooks/28800
942 _cEB
999 _c258055
_d258055